[Event "BL2-Ost 1718"]
[Site "Germany"]
[Date "2018.02.03"]
[Round "7.6"]
[White "Machelett, Heiko"]
[Black "Spiess, Gunter"]
[Result "0-1"]
[WhiteElo "2394"]
[BlackElo "2435"]
[PlyCount "74"]
[EventDate "2017.10.21"]
[EventType "team-tourn"]
[EventRounds "10"]
[EventCountry "GER"]
[SourceTitle "CBM 183 Extra"]
[Source "ChessBase"]
[SourceDate "2018.04.19"]
[SourceVersion "1"]
[SourceVersionDate "2018.04.19"]
[SourceQuality "1"]
[WhiteTeam "Erfurt"]
[BlackTeam "Nickelhuette Aue"]
[WhiteTeamCountry "GER"]
[BlackTeamCountry "GER"]

1. d4 Nf6 2. c4 c6 3. Nc3 d5 4. cxd5 cxd5 5. Bf4 Nc6 6. e3 a6 7. Bd3 Bg4 8. Nge2 e6 9. h3 Bh5 10. Rc1 Be7 11. 0-0 0-0 12. Na4 Nd7 13. a3 e5 14. dxe5 Ndxe5 15. Nac3 Bf6 16. Bb1 d4 17. exd4 Nxd4 18. f3 Nec6 19. Ne4 Nxe2+ 20. Qxe2 Qb6+ 21. Kh1 Bxb2 22. Rcd1 Rad8 23. Nd6 Bf6 24. g4 Bg6 25. Bxg6 hxg6 26. Qe4 g5 27. Bg3 Nd4 28. Rb1 Qc6 29. Nxb7 Qxe4 30. fxe4 Ne2 31. Bh2 Rd3 32. Rb6 Rxh3 33. Kg2 Rxa3 34. Bd6 Nf4+ 35. Rxf4 Ra2+ 36. Kf3 gxf4 37. Bxf8 Bd4 0-1

[Event "Bundesliga 1516"]
[Site "Germany"]
[Date "2016.04.09"]
[Round "12.4"]
[White "Mesaros, Florian"]
[Black "Machelett, Heiko"]
[Result "1/2-1/2"]
[WhiteElo "2382"]
[BlackElo "2407"]
[PlyCount "144"]
[EventDate "2015.09.18"]
[EventType "team-tourn"]
[EventRounds "15"]
[EventCountry "GER"]
[SourceTitle "CBM 172"]
[Source "ChessBase"]
[SourceDate "2016.05.12"]
[SourceVersion "1"]
[SourceVersionDate "2016.05.12"]
[SourceQuality "1"]
[WhiteTeam "Bayern Muenchen"]
[BlackTeam "Erfurt"]
[WhiteTeamCountry "GER"]
[BlackTeamCountry "GER"]

1. Nf3 Nf6 2. c4 b6 3. g3 Bb7 4. Bg2 g6 5. d4 Bg7 6. 0-0 0-0 7. d5 Na6 8. Nc3 Nc5 9. Nd4 e5 10. Nb3 d6 11. e4 c6 12. Nxc5 bxc5 13. dxc6 Bxc6 14. Bg5 h6 15. Bxf6 Qxf6 16. Qe2 Qe7 17. Rad1 Rfd8 18. Rd3 Rab8 19. Rfd1 Bf8 20. R1d2 Qb7 21. Bf3 Qa6 22. b3 Qb7 23. h3 Qe7 24. Nd5 Bxd5 25. Rxd5 a5 26. Qd3 Qc7 27. Bd1 Re8 28. Kg2 Qe7 29. Qc3 Qc7 30. Qe3 Qe7 31. R2d3 Qg5 32. Qe1 Qd8 33. Qd2 Qc7 34. Rf3 Re6 35. Kh2 Qb6 36. Rfd3 Qc7 37. Qc1 Ree8 38. Qa3 Rb4 39. Qc1 Rbb8 40. Bg4 Rb4 41. h4 h5 42. Bxh5 gxh5 43. Qg5+ Kh7 44. Qxh5+ Kg8 45. Qg5+ Kh7 46. f4 Qe7 47. Qh5+ Kg8 48. Qg4+ Kh7 49. fxe5 dxe5 50. Rf3 Rb7 51. Rf5 Bh6 52. Qh5 f6 53. Rxc5 Rf8 54. Rxa5 Rd7 55. Rf2 Kg7 56. Ra6 Rd6 57. Qg4+ Kh7 58. Qf5+ Kg7 59. Rxd6 Qxd6 60. h5 Bg5 61. Rc2 Qd3 62. Rf2 Qd1 63. Qg6+ Kh8 64. c5 Qd4 65. Rc2 Qd3 66. Rg2 Qc3 67. Rf2 Qxc5 68. Qf5 Rd8 69. Rg2 Rd1 70. Qg6 Qc1 71. Qe8+ Kg7 72. Qe7+ Kg8 1/2-1/2

[Event "Bundesliga 1516"]
[Site "Germany"]
[Date "2015.12.12"]
[Round "3.6"]
[White "Jakubowski, Krzysztof"]
[Black "Machelett, Heiko"]
[Result "1/2-1/2"]
[WhiteElo "2564"]
[BlackElo "2407"]
[PlyCount "105"]
[EventDate "2015.09.18"]
[EventType "team-tourn"]
[EventRounds "15"]
[EventCountry "GER"]
[SourceTitle "CBM 170"]
[Source "ChessBase"]
[SourceDate "2016.01.15"]
[SourceVersion "1"]
[SourceVersionDate "2016.01.15"]
[SourceQuality "1"]
[WhiteTeam "Berlin SF"]
[BlackTeam "Erfurt"]
[WhiteTeamCountry "GER"]
[BlackTeamCountry "GER"]

1. e4 e6 2. d4 d5 3. Nc3 Bb4 4. e5 c5 5. a3 Ba5 6. b4 cxd4 7. Nb5 Bc7 8. f4 Bd7 9. Nf3 Nh6 10. Nbxd4 a6 11. Bd3 Bb6 12. Bb2 Nc6 13. Qe2 Rc8 14. c3 Nxd4 15. cxd4 Ba4 16. 0-0 Qd7 17. Rac1 0-0 18. g4 Bb5 19. h3 Kh8 20. Rxc8 Rxc8 21. Rc1 Bxd3 22. Qxd3 Bd8 23. Kf2 Ng8 24. Rxc8 Qxc8 25. Qc3 Qd7 26. Qc2 Ne7 27. Bc1 Nc6 28. f5 Kg8 29. fxe6 fxe6 30. Be3 Be7 31. h4 Qe8 32. h5 g6 33. hxg6 Qxg6 34. Qxg6+ hxg6 35. Ke2 Kf7 36. Kd3 b5 37. Bd2 Na7 38. Kc3 Bd8 39. Kb3 Nc6 40. a4 Bb6 41. axb5 axb5 42. Kc3 Bd8 43. Bg5 Be7 44. Bxe7 Kxe7 45. Ne1 Kf7 46. Nd3 g5 47. Nc5 Na7 48. Nb7 Nc8 49. Nd8+ Ke7 50. Nc6+ Kd7 51. Nb8+ Kc7 52. Na6+ Kd7 53. Nc5+ 1/2-1/2

[Event "BL2-Ost 1415"]
[Site "Germany"]
[Date "2015.02.22"]
[Round "9.2"]
[White "Jansa, Vlastimil"]
[Black "Machelett, Heiko"]
[Result "1/2-1/2"]
[WhiteElo "2443"]
[BlackElo "2418"]
[PlyCount "68"]
[EventDate "2014.10.18"]
[EventType "team-tourn"]
[EventRounds "10"]
[EventCountry "GER"]
[SourceTitle "CBM 166 Extra"]
[Source "ChessBase"]
[SourceDate "2015.06.18"]
[SourceVersion "1"]
[SourceVersionDate "2015.06.18"]
[SourceQuality "1"]
[WhiteTeam "Forchheim"]
[BlackTeam "Leipzig SG"]
[WhiteTeamCountry "GER"]
[BlackTeamCountry "GER"]

1. e4 e6 2. d4 d5 3. Nd2 Nf6 4. e5 Nfd7 5. c3 c5 6. f4 Nc6 7. Ndf3 Qb6 8. g3 f6 9. Bh3 cxd4 10. cxd4 Bb4+ 11. Kf1 0-0 12. Kg2 Kh8 13. Ne2 fxe5 14. fxe5 Ndxe5 15. dxe5 Nxe5 16. Nfd4 Nc6 17. Rf1 Rxf1 18. Qxf1 Nxd4 19. Qf7 Bd7 20. Be3 Be8 21. Qf2 e5 22. Nxd4 exd4 23. Bxd4 Qc7 24. Bf5 Bg6 25. Bxg6 hxg6 26. Rd1 b6 27. a3 Rf8 28. Qe2 Bc5 29. Qe6 Bxd4 30. Rxd4 Qc2+ 31. Kh3 Qf5+ 32. Qxf5 Rxf5 33. Ra4 a5 34. b4 axb4 1/2-1/2

[Event "BL2-Ost 1415"]
[Site "Germany"]
[Date "2015.01.31"]
[Round "7.2"]
[White "Machelett, Heiko"]
[Black "Froewis, Georg"]
[Result "1/2-1/2"]
[WhiteElo "2418"]
[BlackElo "2455"]
[PlyCount "68"]
[EventDate "2014.10.18"]
[EventType "team-tourn"]
[EventRounds "10"]
[EventCountry "GER"]
[SourceTitle "CBM 166 Extra"]
[Source "ChessBase"]
[SourceDate "2015.06.18"]
[SourceVersion "1"]
[SourceVersionDate "2015.06.18"]
[SourceQuality "1"]
[WhiteTeam "Leipzig SG"]
[BlackTeam "Rosenheim Pang"]
[WhiteTeamCountry "GER"]
[BlackTeamCountry "GER"]

1. d4 d5 2. c4 e6 3. Nc3 c6 4. e3 Nf6 5. Qc2 Nbd7 6. Nf3 Bd6 7. Bd2 0-0 8. h3 c5 9. cxd5 exd5 10. Bd3 a6 11. 0-0 c4 12. Be2 b5 13. e4 Nxe4 14. Nxe4 dxe4 15. Qxe4 Ra7 16. Bg5 Qc7 17. Rfe1 h6 18. Be3 Nf6 19. Qh4 Nd5 20. Bd2 Bf5 21. Ne5 f6 22. Bf3 Ne7 23. Ng4 Bh7 24. Ne3 Qd7 25. Nd5 Ng6 26. Qh5 Kh8 27. g3 Qd8 28. Nb4 Ne7 29. Nc6 Nxc6 30. Bxc6 Re7 31. Rxe7 Qxe7 32. Re1 Qc7 33. Qf3 Bg8 34. a3 Qb6 1/2-1/2

[Event "BL2-Ost 1112"]
[Site "Germany"]
[Date "2011.12.11"]
[Round "4.1"]
[White "Loetscher, Roland"]
[Black "Machelett, Heiko"]
[Result "1-0"]
[WhiteElo "2364"]
[BlackElo "2421"]
[PlyCount "107"]
[EventDate "2011.10.02"]
[EventType "team-tourn"]
[EventRounds "9"]
[EventCountry "GER"]
[SourceTitle "EXT 2015"]
[Source "ChessBase"]
[SourceDate "2014.11.20"]
[SourceVersion "1"]
[SourceVersionDate "2014.11.20"]
[SourceQuality "1"]
[WhiteTeam "Garching"]
[BlackTeam "Leipzig SG"]
[WhiteTeamCountry "GER"]
[BlackTeamCountry "GER"]

1. d4 Nf6 2. c4 e6 3. g3 d5 4. Bg2 Bb4+ 5. Bd2 Be7 6. Nf3 c6 7. 0-0 0-0 8. Nc3 Nbd7 9. Qb3 b6 10. Rfc1 Bb7 11. cxd5 exd5 12. Nd1 Ne4 13. Ne3 Re8 14. Bb4 c5 15. dxc5 Ndxc5 16. Bxc5 Bxc5 17. Nd1 d4 18. Ne1 Qe7 19. Rc2 Qd7 20. Qf3 Rab8 21. Qf4 Bd6 22. Qc1 Ba6 23. Nd3 Rbc8 24. Bxe4 Rxe4 25. Rxc8+ Bxc8 26. Qc2 Bb7 27. f3 Re8 28. N1f2 h6 29. Rd1 Qe6 30. Nc1 Bc5 31. Kf1 Rc8 32. Nb3 Be7 33. Qd3 Rd8 34. Rc1 Qd7 35. Kg2 g6 36. Ne4 f5 37. Nf2 Bf6 38. Qc4+ Kh8 39. Qc7 Qd5 40. Nd3 Qd7 41. Ne5 Qxc7 42. Nxg6+ Kg7 43. Rxc7+ Kxg6 44. Rxb7 Rc8 45. Rxa7 Rc2 46. Kf1 Rxb2 47. Ra6 Rb1+ 48. Kf2 Rb2 49. Nc1 f4 50. Nd3 fxg3+ 51. hxg3 Rb1 52. a4 Ra1 53. Rxb6 Rxa4 54. Nc5 1-0

[Event "BL2-Ost 1112"]
[Site "Germany"]
[Date "2011.10.02"]
[Round "1.1"]
[White "Machelett, Heiko"]
[Black "Votava, Jan"]
[Result "0-1"]
[WhiteElo "2421"]
[BlackElo "2538"]
[PlyCount "90"]
[EventDate "2011.10.02"]
[EventType "team-tourn"]
[EventRounds "9"]
[EventCountry "GER"]
[SourceTitle "EXT 2015"]
[Source "ChessBase"]
[SourceDate "2014.11.20"]
[SourceVersion "1"]
[SourceVersionDate "2014.11.20"]
[SourceQuality "1"]
[WhiteTeam "Leipzig SG"]
[BlackTeam "Erfurt"]
[WhiteTeamCountry "GER"]
[BlackTeamCountry "GER"]

1. d4 Nf6 2. c4 g6 3. Nc3 d5 4. cxd5 Nxd5 5. e4 Nxc3 6. bxc3 Bg7 7. Nf3 c5 8. Be3 Qa5 9. Nd2 Nd7 10. Nb3 Qa4 11. Be2 0-0 12. 0-0 cxd4 13. cxd4 e5 14. Qd2 exd4 15. Bxd4 Bxd4 16. Nxd4 Nc5 17. Qe3 Ne6 18. Rfd1 Qa5 19. Bc4 Qe5 20. Nf3 Qf4 21. Qxf4 Nxf4 22. Rab1 b6 23. Ne5 Be6 24. Bxe6 Nxe6 25. f3 Rac8 26. Rb2 Kg7 27. Rbd2 Rfd8 28. Kf2 Rxd2+ 29. Rxd2 Rc5 30. Nd3 Rh5 31. Nb4 Ra5 32. Ke2 Ra4 33. Nd5 h5 34. h4 Ra5 35. Kf2 Ra3 36. Ke2 Ra5 37. Kf2 Ra3 38. Ke2 Nc5 39. Ne3 Na4 40. Nc4 Rxa2 41. Rxa2 Nc3+ 42. Kd2 Nxa2 43. Nd6 Nb4 44. Kc3 Nc6 45. Kc4 Kf6 0-1

[Event "Oberliga Sued W 0910"]
[Site "Germany"]
[Date "2010.02.07"]
[Round "6.1"]
[White "Machelett, Heiko"]
[Black "Adocchio, Giampiero"]
[Result "1-0"]
[WhiteElo "2426"]
[BlackElo "2210"]
[PlyCount "119"]
[EventDate "2009.10.18"]
[EventType "team-tourn"]
[EventRounds "9"]
[EventCountry "GER"]
[SourceTitle "EXT 2011"]
[Source "ChessBase"]
[SourceDate "2010.11.26"]
[SourceVersion "1"]
[SourceVersionDate "2010.11.26"]
[SourceQuality "1"]
[WhiteTeam "Mutterstadt"]
[BlackTeam "Frankenthal"]
[WhiteTeamCountry "GER"]
[BlackTeamCountry "GER"]

1. Nf3 Nf6 2. c4 g6 3. Nc3 Bg7 4. d4 d6 5. Bg5 Nbd7 6. e3 0-0 7. Be2 c5 8. 0-0 b6 9. d5 Re8 10. h3 Bb7 11. e4 e5 12. Ne1 a6 13. a4 h6 14. Be3 Nf8 15. a5 bxa5 16. Qa4 g5 17. Qxa5 Ng6 18. Qxd8 Rexd8 19. g3 Bc8 20. Kh2 Rb8 21. Nd3 Ne8 22. Bg4 Bxg4 23. hxg4 Nc7 24. Ra3 Rb4 25. b3 Rdb8 26. Nc1 Nf8 27. Bd2 R4b7 28. Nd1 Ng6 29. Ba5 Ne8 30. Ne3 Ne7 31. f3 Bf8 32. Kg2 Bg7 33. Kf2 Bf8 34. Ke2 Kh7 35. Kd2 Ng8 36. Kc2 Ngf6 37. Nd3 Nd7 38. Bc3 Nc7 39. Nf5 Ne8 40. Rb1 Nb6 41. Rb2 Nc7 42. Ra1 Ra8 43. Ne3 Rc8 44. Ba5 Rcb8 45. b4 cxb4 46. Rxb4 Nba8 47. Rxb7 Rxb7 48. Nb4 f6 49. Nc6 Kg8 50. Nf5 Ne8 51. Kc3 Nac7 52. Nd8 Rb8 53. Ne6 Rc8 54. Bxc7 Nxc7 55. Nxc7 Rxc7 56. Rxa6 Rb7 57. c5 dxc5 58. Rxf6 Rb1 59. d6 Rd1 60. Kc4 1-0

[Event "Oberliga Sued W 0910"]
[Site "Germany"]
[Date "2010.01.24"]
[Round "5.1"]
[White "Johann, Stefan"]
[Black "Machelett, Heiko"]
[Result "1/2-1/2"]
[WhiteElo "2210"]
[BlackElo "2426"]
[PlyCount "47"]
[EventDate "2009.10.18"]
[EventType "team-tourn"]
[EventRounds "9"]
[EventCountry "GER"]
[SourceTitle "EXT 2011"]
[Source "ChessBase"]
[SourceDate "2010.11.26"]
[SourceVersion "1"]
[SourceVersionDate "2010.11.26"]
[SourceQuality "1"]
[WhiteTeam "Ludwigshafen"]
[BlackTeam "Mutterstadt"]
[WhiteTeamCountry "GER"]
[BlackTeamCountry "GER"]

1. d4 Nf6 2. Nf3 d6 3. g3 g6 4. Bg2 Bg7 5. 0-0 0-0 6. c4 c6 7. Nc3 Qa5 8. d5 Qa6 9. Nd2 cxd5 10. cxd5 Nbd7 11. a4 Qa5 12. Nb3 Qd8 13. a5 Ne8 14. Nd4 Nc7 15. e4 Nc5 16. b4 Bxd4 17. Qxd4 Nb3 18. Qd1 Nxc1 19. Qxc1 Bd7 20. Qe3 Nb5 21. Rfc1 Nxc3 22. Rxc3 Rc8 23. Rac1 Rxc3 24. Rxc3 1/2-1/2

[Event "Oberliga Ost-A 0809"]
[Site "Germany"]
[Date "2009.03.29"]
[Round "11.1"]
[White "Schuetze, Norman"]
[Black "Machelett, Heiko"]
[Result "1/2-1/2"]
[WhiteElo "2333"]
[BlackElo "2420"]
[PlyCount "39"]
[EventDate "2008.10.12"]
[EventType "team-tourn"]
[EventRounds "11"]
[EventCountry "GER"]
[SourceTitle "EXT 2010"]
[Source "ChessBase"]
[SourceDate "2010.11.25"]
[SourceVersion "1"]
[SourceVersionDate "2010.11.25"]
[SourceQuality "1"]
[WhiteTeam "Loeberitz"]
[BlackTeam "Jena Jenapharm"]
[WhiteTeamCountry "GER"]
[BlackTeamCountry "GER"]

1. e4 e6 2. d4 d5 3. Nc3 Bb4 4. e5 Qd7 5. a3 Bxc3+ 6. bxc3 b6 7. Qg4 f5 8. Qg3 Ba6 9. a4 Bxf1 10. Kxf1 Nc6 11. h4 0-0-0 12. Ne2 Na5 13. Nf4 Qf7 14. Ba3 Nc4 15. Ke2 Ne7 16. Bxe7 Qxe7 17. Qg5 Qd7 18. h5 Rde8 19. Rh3 Rhg8 20. Rg3 1/2-1/2

[Event "Oberliga Ost-A 0809"]
[Site "Germany"]
[Date "2008.11.30"]
[Round "3.1"]
[White "Fuchs, Judith"]
[Black "Machelett, Heiko"]
[Result "1/2-1/2"]
[WhiteElo "2238"]
[BlackElo "2420"]
[PlyCount "56"]
[EventDate "2008.10.12"]
[EventType "team-tourn"]
[EventRounds "11"]
[EventCountry "GER"]
[SourceTitle "EXT 2010"]
[Source "ChessBase"]
[SourceDate "2010.11.25"]
[SourceVersion "1"]
[SourceVersionDate "2010.11.25"]
[SourceQuality "1"]
[WhiteTeam "Leipzig Gohlis II"]
[BlackTeam "Jena Jenapharm"]
[WhiteTeamCountry "GER"]
[BlackTeamCountry "GER"]

1. e4 e5 2. Bc4 Nf6 3. d3 Nc6 4. Nf3 Be7 5. c3 0-0 6. Nbd2 d6 7. Bb3 h6 8. 0-0 Nh7 9. Nc4 Be6 10. Ne3 Qd7 11. Re1 Kh8 12. d4 Bxb3 13. Qxb3 Ng5 14. Nxg5 Bxg5 15. d5 Nd8 16. Nf5 g6 17. Bxg5 hxg5 18. Qd1 f6 19. Ne3 Kg7 20. c4 a5 21. Rc1 b6 22. b3 Nb7 23. a3 Rh8 24. Rc3 Rh4 25. f3 Rah8 26. Nf1 R4h6 27. Qe2 Rh4 28. Qd1 R4h6 1/2-1/2

[Event "Bundesliga 0708"]
[Site "Germany"]
[Date "2008.04.06"]
[Round "13.5"]
[White "Boensch, Uwe"]
[Black "Machelett, Heiko"]
[Result "1-0"]
[WhiteElo "2530"]
[BlackElo "2430"]
[PlyCount "127"]
[EventDate "2007.10.20"]
[EventType "team-tourn"]
[EventRounds "15"]
[EventCountry "GER"]
[SourceTitle "CBM 124"]
[Source "ChessBase"]
[SourceDate "2008.05.28"]
[SourceVersion "1"]
[SourceVersionDate "2008.05.28"]
[SourceQuality "1"]
[WhiteTeam "Tegernsee"]
[BlackTeam "Erfurt"]
[WhiteTeamCountry "GER"]
[BlackTeamCountry "GER"]

1. d4 Nf6 2. c4 e6 3. Nf3 Bb4+ 4. Nbd2 b6 5. e3 Bb7 6. Bd3 Ne4 7. 0-0 f5 8. Qc2 Nxd2 9. Nxd2 0-0 10. f4 Be7 11. Nf3 Bf6 12. Bd2 a5 13. Rad1 Qe8 14. e4 fxe4 15. Bxe4 Bxe4 16. Qxe4 Nc6 17. Bc3 Ne7 18. Rfe1 Nf5 19. Ne5 Be7 20. g3 Bb4 21. Qd3 Qe7 22. a3 Bxc3 23. Qxc3 Rae8 24. c5 d6 25. cxd6 cxd6 26. Nf3 Qd7 27. Qd3 d5 28. Rc1 h6 29. Ne5 Qa4 30. Nc6 Rf7 31. Rc3 Rc7 32. Rec1 Nd6 33. Qg6 Nf7 34. Kg2 Kf8 35. Nd8 Rce7 36. Nxf7 Rxf7 37. Rc7 Rxc7 38. Rxc7 Re7 39. Rc8+ Re8 40. Rc7 Re7 41. Rc8+ Re8 42. Qxe6 Qc2+ 43. Rxc2 Rxe6 44. Kf3 Re4 45. Rc6 Rxd4 46. Rxb6 Rd2 47. h4 d4 48. a4 Rd3+ 49. Kf2 Rd2+ 50. Kf3 Rd3+ 51. Ke4 Rxg3 52. Rb5 d3 53. Rxa5 Rg2 54. Rb5 d2 55. Rd5 Re2+ 56. Kf5 d1Q 57. Rxd1 Rxb2 58. a5 Ra2 59. Rd5 Ra4 60. h5 Rc4 61. Ke6 Re4+ 62. Re5 Rd4 63. f5 Ke8 64. Rb5 1-0

[Event "Bundesliga 0708"]
[Site "Germany"]
[Date "2008.03.09"]
[Round "11.5"]
[White "Machelett, Heiko"]
[Black "Volke, Karsten"]
[Result "1/2-1/2"]
[WhiteElo "2430"]
[BlackElo "2472"]
[PlyCount "21"]
[EventDate "2007.10.20"]
[EventType "team-tourn"]
[EventRounds "15"]
[EventCountry "GER"]
[SourceTitle "CBM 123"]
[Source "ChessBase"]
[SourceDate "2008.04.02"]
[SourceVersion "1"]
[SourceVersionDate "2008.04.02"]
[SourceQuality "1"]
[WhiteTeam "Erfurt"]
[BlackTeam "Kreuzberg"]
[WhiteTeamCountry "GER"]
[BlackTeamCountry "GER"]

1. d4 Nf6 2. Nf3 e6 3. e3 b6 4. Bd3 Bb7 5. 0-0 d5 6. Ne5 g6 7. f4 Bg7 8. Bd2 0-0 9. Be1 Ne4 10. Nd2 f6 11. Ng4 1/2-1/2

[Event "Bundesliga 0708"]
[Site "Germany"]
[Date "2008.02.09"]
[Round "8.5"]
[White "Malakhatko, Vadim"]
[Black "Machelett, Heiko"]
[Result "1-0"]
[WhiteElo "2596"]
[BlackElo "2430"]
[PlyCount "111"]
[EventDate "2007.10.20"]
[EventType "team-tourn"]
[EventRounds "15"]
[EventCountry "GER"]
[SourceTitle "CBM 123"]
[Source "ChessBase"]
[SourceDate "2008.04.02"]
[SourceVersion "1"]
[SourceVersionDate "2008.04.02"]
[SourceQuality "1"]
[WhiteTeam "Muelheim"]
[BlackTeam "Erfurt"]
[WhiteTeamCountry "GER"]
[BlackTeamCountry "GER"]

1. d4 Nf6 2. c4 d6 3. Nf3 Bf5 4. Nc3 h6 5. g3 Nbd7 6. Bg2 c6 7. 0-0 e5 8. d5 c5 9. Ne1 Be7 10. e4 Bg6 11. Nd3 0-0 12. f4 Ne8 13. Be3 Bf6 14. f5 Bh7 15. h4 a6 16. a3 Qc8 17. Ne1 Be7 18. Rf2 Rb8 19. Bf1 Qd8 20. Rg2 Nc7 21. a4 Re8 22. Nf3 g5 23. fxg6 Bxg6 24. Bxh6 Nf6 25. Nd2 Kh8 26. Bg5 Rg8 27. g4 Nd7 28. Nf3 Bxg5 29. Nxg5 Qe7 30. b3 Rg7 31. Raa2 Rbg8 32. Raf2 Nf6 33. Qf3 Nce8 34. Bd3 Nh7 35. Nxh7 Bxh7 36. h5 f6 37. Nd1 Rg5 38. Ne3 Qd8 39. Nf1 Qb6 40. Nd2 Qc7 41. Rg3 Qg7 42. Rfg2 Qc7 43. Kh2 Qg7 44. Be2 Qe7 45. Qe3 Qd7 46. a5 Qc8 47. Bf3 Qd8 48. Qc3 Qe7 49. Nf1 Qc7 50. Ne3 Ng7 51. Nd1 Qe7 52. Nf2 Ne8 53. Nh3 R5g7 54. Qd2 Qf7 55. g5 fxg5 56. h6 1-0

[Event "Bundesliga 0708"]
[Site "Germany"]
[Date "2007.12.09"]
[Round "6.5"]
[White "Machelett, Heiko"]
[Black "Hoffmann, Michael"]
[Result "1/2-1/2"]
[WhiteElo "2430"]
[BlackElo "2471"]
[PlyCount "45"]
[EventDate "2007.10.20"]
[EventType "team-tourn"]
[EventRounds "15"]
[EventCountry "GER"]
[SourceTitle "CBM 123"]
[Source "ChessBase"]
[SourceDate "2008.04.02"]
[SourceVersion "1"]
[SourceVersionDate "2008.04.02"]
[SourceQuality "1"]
[WhiteTeam "Erfurt"]
[BlackTeam "Solingen"]
[WhiteTeamCountry "GER"]
[BlackTeamCountry "GER"]

1. d4 Nf6 2. Nf3 e6 3. e3 c5 4. Bd3 b6 5. 0-0 Bb7 6. c4 Be7 7. Nc3 cxd4 8. exd4 d5 9. cxd5 Nxd5 10. Ne5 0-0 11. Qg4 Nf6 12. Qh4 Ne4 13. Qh3 Qxd4 14. Bf4 Nf6 15. Ne2 Qa4 16. Rad1 Ba6 17. b3 Qe8 18. Nc4 Bxc4 19. Bxc4 a6 20. Nd4 Nc6 21. Nf3 Nb4 22. Rfe1 b5 23. Bxe6 1/2-1/2